[Event "Innsbruck op-B 2nd"]
[Site "Innsbruck"]
[Date "2018.08.29"]
[Round "6"]
[White "Proksch, Gerhard"]
[Black "Hammer, David"]
[Result "0-1"]
[WhiteElo "1955"]
[BlackElo "1812"]
[PlyCount "110"]
[EventDate "2018.08.24"]
[EventType "swiss"]
[EventRounds "9"]
[EventCountry "AUT"]
[SourceTitle "CBM 186 Extra"]
[Source "ChessBase"]
[SourceDate "2018.08.24"]
[SourceVersion "1"]
[SourceVersionDate "2018.08.24"]
[SourceQuality "1"]

1. c3 e5 2. d4 exd4 3. cxd4 d5 4. Nc3 Nf6 5. Bg5 Be7 6. Nf3 h6 7. Bf4 Bf5 8. Ne5 Nbd7 9. h3 c6 10. Nxd7 Qxd7 11. g4 Bg6 12. a3 Bd6 13. Bc1 Kf8 14. Bg2 Re8 15. e3 Ne4 16. Nxe4 Bxe4 17. Bxe4 Rxe4 18. Qf3 g6 19. Bd2 Qe7 20. Kf1 h5 21. Qg2 hxg4 22. hxg4 Rxh1+ 23. Qxh1 Qf6 24. Qg2 b5 25. Rc1 Bc7 26. Bb4+ Ke8 27. g5 Qf5 28. Ke2 Kd7 29. Bc5 a5 30. Rh1 Rg4 31. Qh3 Rxg5 32. Qxf5+ Rxf5 33. Rh8 Bd8 34. Rh7 a4 35. Rh1 Rh5 36. Rf1 Rh3 37. Ke1 Bh4 38. Ke2 Be7 39. Bb6 f6 40. Ba5 g5 41. Bc3 g4 42. Rg1 f5 43. Rg2 Bd6 44. Kf1 Ke6 45. Ke2 Rh2 46. Rxh2 Bxh2 47. Kf1 Bd6 48. Kg2 c5 49. dxc5 Bxc5 50. Kf1 Bd6 51. Ke2 Bh2 52. Bd2 Be5 53. Bc1 d4 54. Kd3 dxe3 55. fxe3 Kd5 0-1

[Event "AUT-ch Seniors 65"]
[Site "Deutschlandsberg"]
[Date "2018.04.24"]
[Round "3"]
[White "Groiss, Werner"]
[Black "Proksch, Gerhard"]
[Result "1/2-1/2"]
[WhiteElo "1790"]
[BlackElo "1945"]
[PlyCount "102"]
[EventDate "2018.04.22"]
[EventType "swiss"]
[EventRounds "7"]
[EventCountry "AUT"]
[SourceTitle "CBM 184 Extra"]
[Source "ChessBase"]
[SourceDate "2018.06.28"]
[SourceVersion "1"]
[SourceVersionDate "2018.06.28"]
[SourceQuality "1"]

1. Nf3 c5 2. c4 Nc6 3. g3 e5 4. d3 d5 5. cxd5 Qxd5 6. Nc3 Qd8 7. Bg2 h6 8. 0-0 Nf6 9. Qa4 Bd7 10. Qb3 Qc8 11. Re1 Be7 12. e3 0-0 13. d4 e4 14. Ne5 cxd4 15. Nxc6 bxc6 16. exd4 Be6 17. Qc2 Qd7 18. Be3 Bb4 19. a3 Bxc3 20. bxc3 Bf5 21. Rab1 Rfe8 22. Rb2 Ng4 23. Reb1 h5 24. Rb7 Nxe3 25. fxe3 Qd6 26. Qf2 Bg6 27. R1b3 c5 28. Qf4 Qf8 29. Bf1 cxd4 30. cxd4 Rec8 31. Rc7 Qd8 32. Rbc3 Rxc7 33. Qxc7 Qf6 34. Qc6 Qd8 35. Ba6 Rb8 36. Bb7 Qe7 37. Ba6 h4 38. g4 h3 39. Qc7 Rb1+ 40. Bf1 Qh4 41. Qf4 Qe1 42. Rc8+ Kh7 43. Qf2 Qxf2+ 44. Kxf2 Rb2+ 45. Kg3 Rb3 46. Kf4 Rxa3 47. Bxh3 Ra2 48. Kg3 a5 49. Bf1 Ra3 50. Kf4 Ra2 51. Kg3 Ra3 1/2-1/2

[Event "EU-chT Seniors 11th"]
[Site "Velden"]
[Date "2009.04.11"]
[Round "7"]
[White "Peierl, Walter"]
[Black "Proksch, Gerhard"]
[Result "0-1"]
[WhiteElo "1951"]
[BlackElo "1989"]
[PlyCount "153"]
[EventDate "2009.04.05"]
[EventType "team-swiss"]
[EventRounds "9"]
[EventCountry "AUT"]
[SourceTitle "CBM 129 Extra"]
[Source "ChessBase"]
[SourceDate "2009.05.05"]
[SourceVersion "2"]
[SourceVersionDate "2009.05.20"]
[SourceQuality "1"]

1. e4 c6 2. d4 d5 3. Bd3 dxe4 4. Bxe4 Nf6 5. Bf3 Bf5 6. Nc3 e6 7. Be3 Bb4 8. Nge2 0-0 9. 0-0 Nbd7 10. a3 Bd6 11. Bf4 Nb6 12. Bxd6 Qxd6 13. Ng3 Bg6 14. Nce4 Nxe4 15. Nxe4 Qe7 16. Re1 Rfd8 17. c3 Rac8 18. Qe2 Nd7 19. Qe3 c5 20. Rad1 cxd4 21. Rxd4 Nb6 22. Ng3 Rxd4 23. Qxd4 Rd8 24. Qb4 Qxb4 25. cxb4 Rd7 26. Rc1 Kf8 27. Kf1 Bd3+ 28. Ke1 Nc4 29. Be4 Nxb2 30. Rc8+ Ke7 31. Bxd3 Nxd3+ 32. Ke2 Nf4+ 33. Kf3 Nd5 34. Ne4 b6 35. Nc3 Nxc3 36. Rxc3 Kd6 37. g4 Rc7 38. Rd3+ Kc6 39. a4 Rd7 40. Rc3+ Kb7 41. Ke4 f6 42. b5 e5 43. Ra3 g6 44. h4 Rd4+ 45. Kf3 Rc4 46. Kg3 Rd4 47. Rf3 Rd6 48. Re3 a6 49. g5 fxg5 50. Rxe5 gxh4+ 51. Kxh4 Rd4+ 52. Kg5 Rxa4 53. Re7+ Kc8 54. Rxh7 Ra5 55. Kxg6 Rxb5 56. f4 Kd8 57. f5 Rb1 58. Kf7 a5 59. Rh2 b5 60. f6 Kc7 61. Re2 a4 62. Ke8 a3 63. f7 Rf1 64. f8Q Rxf8+ 65. Kxf8 b4 66. Ra2 Kd6 67. Kf7 Kd5 68. Kf6 Kc4 69. Ke5 Kb3 70. Rh2 a2 71. Rh1 Kc4 72. Rc1+ Kd3 73. Kd5 b3 74. Rh1 b2 75. Rh3+ Kc2 76. Kc4 b1Q 77. Rg3 0-1

[Event "EU-chT Seniors 11th"]
[Site "Velden"]
[Date "2009.04.10"]
[Round "6"]
[White "Proksch, Gerhard"]
[Black "Hottes, Dieter"]
[Result "0-1"]
[WhiteElo "1989"]
[BlackElo "2163"]
[PlyCount "58"]
[EventDate "2009.04.05"]
[EventType "team-swiss"]
[EventRounds "9"]
[EventCountry "AUT"]
[SourceTitle "CBM 129 Extra"]
[Source "ChessBase"]
[SourceDate "2009.05.05"]
[SourceVersion "2"]
[SourceVersionDate "2009.05.20"]
[SourceQuality "1"]

1. c3 b6 2. e4 Bb7 3. e5 c5 4. d4 e6 5. Nf3 Ne7 6. Bd3 Nbc6 7. 0-0 cxd4 8. cxd4 Nd5 9. Nc3 Nxc3 10. bxc3 Qc7 11. Bd2 Na5 12. Qe2 d5 13. exd6 Bxd6 14. Bb5+ Kf8 15. Bd3 Rc8 16. h3 Nc4 17. Rac1 Bxf3 18. gxf3 Nxd2 19. Qxd2 Bf4 20. Qc2 Bxc1 21. Rxc1 g6 22. Qd2 Kg7 23. f4 Rhd8 24. Qe3 Qd6 25. h4 h5 26. Qg3 Qa3 27. Rd1 Rxc3 28. Qg5 Rxd4 29. f5 exf5 0-1

[Event "EU-chT Seniors 11th"]
[Site "Velden"]
[Date "2009.04.05"]
[Round "1"]
[White "Anguera Maestro, Jaime"]
[Black "Proksch, Gerhard"]
[Result "1-0"]
[WhiteElo "2230"]
[BlackElo "1989"]
[PlyCount "71"]
[EventDate "2009.04.05"]
[EventType "team-swiss"]
[EventRounds "9"]
[EventCountry "AUT"]
[SourceTitle "CBM 129 Extra"]
[Source "ChessBase"]
[SourceDate "2009.05.05"]
[SourceVersion "2"]
[SourceVersionDate "2009.05.20"]
[SourceQuality "1"]

1. d4 d5 2. c4 c6 3. e3 Nf6 4. Nc3 dxc4 5. Bxc4 b5 6. Bd3 b4 7. Nce2 e6 8. Nf3 a5 9. 0-0 Ba6 10. Bc2 Bb5 11. e4 Be7 12. Bg5 Nbd7 13. Re1 h6 14. Be3 Qc7 15. h3 g5 16. Bd3 Qb7 17. Rc1 Qa6 18. Bxb5 Qxb5 19. Nd2 a4 20. Ng3 h5 21. e5 Nd5 22. Nxh5 Qd3 23. g4 Nxe3 24. fxe3 c5 25. Nc4 Qxd1 26. Rexd1 0-0 27. dxc5 Nxc5 28. Nd6 Na6 29. Nf6+ Kg7 30. Rf1 Rad8 31. Nfe4 Rd7 32. Rc6 Bxd6 33. exd6 Ra7 34. Nxg5 Nb8 35. Rc7 Ra6 36. Nxe6+ 1-0